| 000 | 00862nam a2200241 i 4500 | ||
|---|---|---|---|
| 001 | 66473 | ||
| 003 | ES-MaACL | ||
| 005 | 20230906165645.0 | ||
| 007 | t| | ||
| 008 | 030409s2002 sp a |||| | spa d | ||
| 020 | _a84-96102-01-7 | ||
| 080 | _a7.036(494)(083.824) | ||
| 110 | 2 |
_aAargauer Kunsthaus Aarau. _91129 |
|
| 245 | 1 | 0 |
_aRetos de un siglo _b: el arte suizo del siglo XX en las colecciones del Museo de Bellas Artes de Aarau : [exposición] Madrid, del 22 de enero al 23 de marzo de 2003. |
| 260 |
_a[Madrid] : _bCentro Cultural Conde Duque, _c[2002] |
||
| 300 |
_a142 p : _bil ; _c29 cm. |
||
| 650 | 4 |
_aArte suizo- _yS.XX- _vExposiciones. _910323 |
|
| 655 | 7 |
_2tgfbne _9193628 _aCatálogos de exposiciones |
|
| 710 | 2 |
_aCentro Cultural del Conde Duque. _92579 |
|
| 852 |
_aES-MaACL _jL-26964 |
||
| 942 | _2udc | ||
| 999 |
_c66473 _d66473 |
||